000 00702nam a2200265Ia 4500
001 Para_249
003 CHAP
008 220125ss/f xx 000 0 und d
010 _a199007
040 _cCHAP
090 _aPA FOLLETO 609
245 _aPrincipales diferencias morfológicas entre Heliothis zea y Heliothis virescens
260 _as.e./ s.l.
300 _a4h.
650 _aHeliothis
_953436
650 _aHeliothis (helicoverpa) zea
_953438
650 _aHeliothis virescens
_953440
901 _aPA FOLLETO 609
902 _aA
905 _a000000s/f 0000000000 00
910 _as/f
942 _cPARA
942 _cPARA
_d1
999 _c199007
_d199007